| 000 | 01213cam a22002771 4500 | ||
|---|---|---|---|
| 001 | l 32000090 | ||
| 003 | DLC | ||
| 005 | 20260227111533.0 | ||
| 008 | 780127s1932 dcu 000 0 eng c | ||
| 010 | _al 32000090 | ||
| 035 | _a(OCoLC)3584995 | ||
| 040 |
_aU.S. Dept. of Labor. Library _cICRC _dICRC _dOCoLC _dDLC |
||
| 042 | _apremarc | ||
| 043 | _an-us--- | ||
| 050 | 0 | 0 |
_aHD6093 _b.A35 no. 66, pt. 2 |
| 100 | 1 |
_aSmith, Florence P. _q(Florence Patteson) |
|
| 245 | 1 | 0 |
_aChronological development of labor legislation for women in the United States. _cBy Florence P. Smith. Originally combined with History of labor movement for women in three states, by Clara M. Beyer. |
| 250 | _aRevised December, 1931. | ||
| 260 |
_aWashington, _bU.S. Govt. print. off., _c1932. |
||
| 300 |
_avii, 176 p. _c23 cm. |
||
| 490 | 0 | _aBulletin of the [U. S.] Women's bureau, no. 66-II | |
| 500 | _aAt head ot title: United States Department of labor. W. N. Doak, secretary. Women's bureau. Mary Anderson, director. | ||
| 500 | _aA revision of Part II of Bulletin of the Women's bureau no. 66, issued in 1929. | ||
| 650 | 0 |
_aLabor laws and legislation _zUnited States. |
|
| 650 | 0 |
_aWomen _xEmployment _zUnited States. |
|
| 999 |
_c36063 _d36063 |
||